[Event "FRA-ch U18/14 Online"]
[Site "Europe Echecs INT"]
[Date "2020.07.11"]
[Round "8"]
[White "Combaudon, Nathanael"]
[Black "Denninger, Gael"]
[Result "0-1"]
[WhiteElo "1805"]
[BlackElo "1957"]
[PlyCount "80"]
[EventDate "2020.07.11"]
[EventType "swiss (blitz)"]
[EventRounds "9"]
[EventCountry "FRA"]
[SourceTitle "EXT 2021"]
[Source "ChessBase"]
[SourceDate "2020.10.23"]
[SourceVersion "1"]
[SourceVersionDate "2020.10.23"]
[SourceQuality "1"]

1. c4 Nf6 2. Nc3 e6 3. e4 d5 4. e5 Nfd7 5. d4 Bb4 6. cxd5 exd5 7. f4 0-0 8. Nf3 c5 9. Bd3 cxd4 10. Nxd4 Nc6 11. Nf3 h6 12. 0-0 Bc5+ 13. Kh1 Nb4 14. Bb1 Nb6 15. a3 Nc6 16. Qd3 g6 17. Qb5 Qe7 18. f5 Bxf5 19. Bxf5 gxf5 20. Bxh6 Rfe8 21. b4 Bd4 22. Nxd4 Nxd4 23. Qd3 Qxe5 24. h3 Re6 25. Bf4 Qg7 26. Rad1 Nc6 27. Rf3 d4 28. Nb5 Rg6 29. Rd2 Ne5 30. Bxe5 Qxe5 31. Rxf5 Qe1+ 32. Kh2 Re8 33. Nxd4 Re3 34. Qc2 Qg3+ 35. Kg1 Re1+ 36. Rf1 Qe3+ 37. Rdf2 Rxf1+ 38. Kxf1 Qxd4 39. Qb3 Nc4 40. Rf3 Nd2+ 0-1

[Event "FRA-ch U18/14 Online"]
[Site "Europe Echecs INT"]
[Date "2020.07.11"]
[Round "9"]
[White "Paris, Romain"]
[Black "Combaudon, Nathanael"]
[Result "1-0"]
[WhiteElo "1486"]
[BlackElo "1805"]
[PlyCount "41"]
[EventDate "2020.07.11"]
[EventType "swiss (blitz)"]
[EventRounds "9"]
[EventCountry "FRA"]
[SourceTitle "EXT 2021"]
[Source "ChessBase"]
[SourceDate "2020.10.23"]
[SourceVersion "1"]
[SourceVersionDate "2020.10.23"]
[SourceQuality "1"]

1. d4 d5 2. c4 dxc4 3. e3 e5 4. Bxc4 exd4 5. Nf3 Nc6 6. exd4 Bb4+ 7. Nc3 Nf6 8. 0-0 0-0 9. Bg5 Bg4 10. Nd5 Be7 11. Nxe7+ Qxe7 12. Re1 Qd6 13. d5 Ne7 14. Qb3 b6 15. Ne5 Bh5 16. Qg3 Rad8 17. Bf4 Qb4 18. Rac1 Nexd5 19. Nc6 Qxb2 20. Nxd8 Rxd8 21. Be5 1-0

[Event "Agneaux St Lo U16 op 20th"]
[Site "Agneaux"]
[Date "2018.07.07"]
[Round "3.5"]
[White "Combaudon, Nathanael"]
[Black "Lacroix, Maxime"]
[Result "1-0"]
[WhiteElo "1741"]
[BlackElo "1262"]
[PlyCount "63"]
[EventDate "2018.07.07"]
[EventType "swiss"]
[EventRounds "9"]
[EventCountry "FRA"]
[SourceTitle "EXT 2019"]
[Source "ChessBase"]
[SourceDate "2018.10.10"]
[SourceVersion "1"]
[SourceVersionDate "2018.10.10"]
[SourceQuality "1"]

1. c4 Nf6 2. Nc3 g6 3. e4 d6 4. d4 Bg7 5. f4 Bg4 6. Nf3 0-0 7. Be3 Nc6 8. h3 Bxf3 9. Qxf3 e5 10. fxe5 dxe5 11. d5 Nd4 12. Qf2 Nxe4 13. Nxe4 f5 14. Nc5 f4 15. Bxd4 exd4 16. Ne6 Qe7 17. Bd3 Rf6 18. 0-0 Rxe6 19. dxe6 Be5 20. Rae1 Qxe6 21. Qxf4 Bxf4 22. Rxe6 Be3+ 23. Kh1 Bg5 24. Bxg6 hxg6 25. Rxg6+ Kh7 26. Rxg5 Rd8 27. Rf4 Kh6 28. Rg3 Kh5 29. Rd3 Kg5 30. Rdxd4 Re8 31. Rg4+ Kf5 32. Rdf4+ 1-0